| 000 | 00557cam a2200157 a 4500 | ||
|---|---|---|---|
| 020 | _a0262111985 | ||
| 082 | 0 | 0 |
_a338.947 _bKOR _cMCE, L-38, P-38 |
| 100 | 1 |
_aKornai, János. _937317 |
|
| 245 | 1 | 0 |
_aHighway and byways : _bstudies on reform and post-communist transition / _cJános Kornai. |
| 260 |
_aCambridge, Mass. : _bMIT Press, _cc1995. |
||
| 300 |
_axv, 241 p. : _bill. ; _c24 cm. |
||
| 526 |
_a0 _b0 _c0 _d338_947000000000000_KOR |
||
| 650 | 0 |
_aMixed economy _zEurope, Eastern. _937318 |
|
| 650 | 0 |
_aPost-communism _zEurope, Eastern. _937319 |
|
| 942 |
_2ddc _cBK |
||
| 999 |
_c542217 _d542217 |
||